Dialogues de Platon - Statistiques

Statistiques générales
  • Ce quiz a été pris 55 fois
  • Le résultat moyen est 12 sur 28
Statistiques - réponses
Réponse % Correct
Banquet
83%
La République
80%
Gorgias
73%
Phèdre
65%
Apologie de Socrate
58%
Ménon
58%
Phédon
55%
Protagoras
53%
Les Lois
50%
Le Sophiste
48%
Théétète
48%
Philèbe
45%
Criton
43%
Le Politique
43%
Alcibiade
38%
Critias
38%
Timée
38%
Cratyle
35%
Hippias Majeur
35%
Hippias Mineur
35%
Ménéxène
35%
Parménide
30%
Ion
28%
Lysis
23%
Lachès
20%
Euthyphron
15%
Charmide
8%
Euthymède
0%
Aucun quiz correspondant
Distribution des résultats
% des personnes avec chaque résultat
Percentile par nombre de réponses
Votre historique - résultats
Vous n’avez pas pris ce quiz